Living between juniper and palm : (Record no. 82281)

MARC details
000 -LEADER
fixed length control field 00708nam a22002057a 4500
005 - DATE AND TIME OF LATEST TRANSACTION
control field 20140320155959.0
010 ## - LCCN (DPL NO)
LC control number ENG-109232
020 ## - INTERNATIONAL STANDARD BOOK NUMBER
Terms of availability 995.00
International Standard Book Number 9780198078524
020 ## - INTERNATIONAL STANDARD BOOK NUMBER
Terms of availability 995.00
International Standard Book Number 0198078528
035 ## - SYSTEM CONTROL NUMBER
System control number EN-92765
037 ## - SOURCE OF ACQUISITION
Source of stock number/acquisition DBAD/PUB
082 ## - DEWEY DECIMAL CLASSIFICATION NUMBER
Classification number 305.80095496
100 ## - MAIN ENTRY--PERSONAL NAME
Personal name Campbell, Ben
245 ## - TITLE STATEMENT
Title Living between juniper and palm :
Statement of responsibility, etc by Ben Campbell
Remainder of title nature, culture and power in the Himalayas /
260 ## - PUBLICATION, DISTRIBUTION, ETC. (IMPRINT)
Name of publisher, distributor, etc Oxford University Press
Date of publication, distribution, etc 2013
Place of publication, distribution, etc New Delhi
270 ## - ADDRESS
City New Delhi
Postal code 110001
Address YMCA Library Building, 1 Jai Singh Road
300 ## - PHYSICAL DESCRIPTION
Extent viii,390p.
Dimensions 24cm(Hb)
500 ## - GENERAL NOTE
General note includes bibliographical references and index
942 ## - ADDED ENTRY ELEMENTS (KOHA)
Source of classification or shelving scheme Dewey Decimal Classification
Item type English Books
Call number suffix CAM
Classification part 305.80095496
Holdings
Withdrawn status Lost status Not for loan Collection code Home library Current library Date acquired Source of acquisition Cost, normal purchase price Full call number Barcode Copy number Cost, replacement price Koha item type
    Not For Loan Non-fiction D.B.Act.Division D.B.Act.Division 30/01/2014 DBAD/PUB 995.00 305.80095496 CAM EN-92765 1 995.00 English Books

© Delhi Public Library
Hit Counter
free hit counter